000 00247nam a2200109 a 4500
005 20140513081050.0
008 020606s19uu xx 00 eng d
050 _aP 611
_bHOW 1996
245 _aBodies.
650 _aBodies--Poster
999 _c116288
_d116288